000 00527nam a22001932 4500
001 0000003743
005 20170406115254.0
008 140709s xx 000 0 eng d
020 _c$
040 _aYour Holding Symbol
_cYour Holding Symbol
100 1 _aGrebanier,Bernard D.
245 1 0 _aEnglish literature and its backgrounds.
250 _a ed.
260 _aNew york :
_bHolt,
_c1949.
300 _a1216 p. :
_bill ;
_c cm.
504 _aindex.
650 0 _aenglish lierature.
908 _a140709
999 _c3601
_d3601